000 00336nam a2200109Ia 4500
008 220204s9999 xx 000 0 und d
020 _a9843210247
082 _a338.45:631.531(058)
_bSAA
245 0 _aSAARC directory of seed companies/entrepreneurs 2003
260 _aBangladesh
_bSAARC Agricultural Information Centre
_c2003
942 _cBK
999 _c44109
_d44109